Statistics for Top 100 Actors

Click here to take the quiz!

General Stats

  • This quiz has been taken 127 times
  • The average score is 35 of 100

Answer Stats

Hint Answer % Correct
6Tom Hanks
82%
19Brad Pitt
79%
1Marlon Brando
75%
3Robert De Niro
70%
2Al Pacino
70%
43Tom Cruise
69%
58George Clooney
69%
4Jack Nicholson
68%
12Morgan Freeman
67%
15Leonardo DiCaprio
65%
26Denzel Washington
62%
11Johnny Depp
60%
55Matt Damon
58%
46Harrison Ford
56%
63Will Smith
55%
14Anthony Hopkins
55%
17John Wayne
54%
41Robert Redford
52%
28Robin Williams
52%
54Samuel L. Jackson
51%
22James Dean
51%
10Clint Eastwood
51%
9Dustin Hoffman
49%
36Liam Neeson
48%
5Daniel Day-Lewis
48%
16Humphrey Bogart
47%
21Paul Newman
46%
13Christian Bale
45%
27Sean Penn
44%
24Russell Crowe
43%
8Cary Grant
43%
91Robert Downey Jr.
43%
32Sean Connery
43%
34Kevin Spacey
42%
51Clark Gable
41%
7James Stewart
40%
93Michael Douglas
40%
73Charlie Chaplin
39%
38Bruce Willis
39%
23Kirk Douglas
37%
62John Travolta
37%
77Mel Gibson
36%
35Gene Hackman
36%
40Gregory Peck
34%
49Robert Duvall
33%
66Ian McKellen
33%
25Henry Fonda
33%
33Jack Lemmon
32%
50Ben Kingsley
32%
31Heath Ledger
31%
52Tommy Lee Jones
31%
18Sidney Poitier
31%
78Jim Carrey
30%
56Joe Pesci
30%
84Sylvester Stallone
29%
37Edward Norton
29%
64Peter O'Toole
29%
70Steve McQueen
28%
68Bill Murray
28%
48Gary Oldman
28%
20Spencer Tracy
28%
57Charlton Heston
28%
39Gary Cooper
27%
53Philip Seymour Hoffman
27%
96Ed Harris
27%
72Kevin Costner
27%
61Christopher Walken
26%
90Richard Burton
26%
47Jeff Bridges
26%
65James Cagney
26%
67Burt Lancaster
25%
82Tim Robbins
23%
44Joaquin Phoenix
22%
42Ralph Fiennes
22%
69Nicolas Cage
20%
29Orson Welles
20%
81Javier Bardem
20%
30Christoph Waltz
19%
59Christopher Plummer
19%
99Kevin Bacon
18%
83Arnold Schwarzenegger
18%
75Woody Allen
17%
79Mark Wahlberg
17%
89Alec Guiness
16%
88Geoffrey Rush
16%
76Jon Voight
16%
74Peter Sellers
16%
60George C. Scott
15%
85Viggo Mortensen
14%
92James Caan
13%
98Benicio Del Toro
12%
80Steve Martin
11%
87Christopher Lee
9%
94Charles Laughton
9%
100Patrick Swayze
9%
45Montgomery Clift
8%
95Willem Dafoe
7%
97Harvey Kietel
5%
71Gene Wilder
5%
86Hugo Weaving
4%

Score Distribution

Percentile by Number Answered

Percent of People with Each Score

Your Score History

You have not taken this quiz